000 00683nam a2200205 4500
010 _aA-997679
035 _aA-997679
037 _bCen Lib / Ret
040 _aDPL
_bEN
082 _a513
_bSHA
100 _aSharma, K. K.
245 _aQuantitative aptitude for comp. :
_bfully solved /
_cby K. K. Sharma
260 _aMeerut
_bKrishna Prakashan Media
270 _a11, Shivaji Road, Meerut
_bMeerut
_e250001
300 _a292p ;
_c24cm(Hb)
650 _a Mathematics teachers -- Certification
650 _a Mathematics -- Examinations -- Study guides.
650 _aMathematics -- Examinations, questions, etc.
942 _2ddc
_cEN
_h513
_mSHA
999 _c137158
_d137158